<?xml version="1.0" encoding="UTF-8"?>
<resp>
  <nextPage>https://data.bn.org.pl/api/networks/bibs.marcxml?marc=001+b00001150002069&amp;sinceId=1150002070</nextPage>
  <collection>
    <record xmlns='http://www.loc.gov/MARC21/slim'><leader>01142namZa2200349ZiZ4500</leader><controlfield tag='001'>b00001150002069</controlfield><controlfield tag='005'>20260414100510.0</controlfield><controlfield tag='008'>230609s        pl           |000 0 pol c</controlfield><controlfield tag='009'>9913261855705606</controlfield><datafield ind1=' ' ind2=' ' tag='020'><subfield code='a'>9788374141734</subfield></datafield><datafield ind1=' ' ind2=' ' tag='035'><subfield code='a'>KR_1KR_1_20120317225950029824-48omnis_kr</subfield></datafield><datafield ind1=' ' ind2=' ' tag='035'><subfield code='a'>KR_1_20120317225950029824</subfield><subfield code='9'>ExL</subfield></datafield><datafield ind1=' ' ind2=' ' tag='035'><subfield code='a'>(PL)b00001150002069</subfield></datafield><datafield ind1=' ' ind2=' ' tag='040'><subfield code='a'>KR_1</subfield><subfield code='c'>KR_1</subfield></datafield><datafield ind1='1' ind2=' ' tag='041'><subfield code='a'>pol</subfield><subfield code='h'>swe</subfield></datafield><datafield ind1='1' ind2=' ' tag='100'><subfield code='a'>Mankell, Henning</subfield><subfield code='d'>(1948- )</subfield></datafield><datafield ind1='1' ind2='0' tag='245'><subfield code='a'>O krok /</subfield><subfield code='c'>Henning Mankell ; przeł. Irena Kowadło-Przedmojska.</subfield></datafield><datafield ind1=' ' ind2=' ' tag='260'><subfield code='a'>Warszawa :</subfield><subfield code='b'>W.A.B.,</subfield><subfield code='c'>2009.</subfield></datafield><datafield ind1=' ' ind2=' ' tag='300'><subfield code='a'>497 s. ;</subfield><subfield code='c'>20 cm.</subfield></datafield><datafield ind1='1' ind2=' ' tag='490'><subfield code='a'>Mroczna Seria</subfield></datafield><datafield ind1=' ' ind2=' ' tag='500'><subfield code='a'>p</subfield></datafield><datafield ind1=' ' ind2='9' tag='650'><subfield code='a'>Powieść szwedzka</subfield><subfield code='y'>20 w.</subfield></datafield><datafield ind1='1' ind2=' ' tag='700'><subfield code='a'>Kowadło-Przedmojska, Irena</subfield><subfield code='e'>Tł.</subfield></datafield><datafield ind1=' ' ind2=' ' tag='852'><subfield code='b'>48OMNIS_NETWORK</subfield><subfield code='8'>9913261855705606</subfield></datafield><datafield ind1=' ' ind2=' ' tag='852'><subfield code='b'>48OMNIS_BOL</subfield><subfield code='8'>990010264470308413</subfield></datafield><datafield ind1=' ' ind2=' ' tag='852'><subfield code='b'>48OMNIS_MBPG</subfield><subfield code='8'>991000637709708210</subfield></datafield><datafield ind1=' ' ind2=' ' tag='852'><subfield code='8'>22741440970008413</subfield><subfield code='j'>0</subfield><subfield code='b'>001WD</subfield><subfield code='p'>00101-000158991</subfield><subfield code='c'>WD</subfield></datafield><datafield ind1=' ' ind2=' ' tag='852'><subfield code='8'>22790125030008210</subfield><subfield code='j'>0</subfield><subfield code='b'>F03</subfield><subfield code='p'>10771440</subfield><subfield code='c'>lok03</subfield></datafield><datafield ind1=' ' ind2=' ' tag='920'><subfield code='a'>978-83-7414-173-4</subfield></datafield></record>
  </collection>
</resp>
